Vermont A-Z - Statistics

General Stats
  • This quiz has been taken 55 times
    6 since last reset
  • The average score is 16 of 24
Answer Stats
Clue Answer % Correct
A Scenic trail that cuts through southern Vermont Appalachian
100%
J Burlington ice cream brand Ben & {Jerry}'s
100%
I Smallest county by area Grand {Isle}
100%
C Lake between New York and Vermont Lake Champlain
100%
O County with the same name as a city in the center of France Orleans
100%
T Fort that was captured by Vermonter Ethan Allen Ticonderoga
100%
Y Vermont-born figure of the LDS Church Brigham Young
83%
U Official motto of Vermont Freedom and {Unity}
83%
F Most commonly spoken language after English French
83%
G Main mountain range {Green} Mountains
83%
B Vermont banned these in 1968 Billboards
67%
E City that formed in 2022 after splitting away from a nearby town {Essex} Junction
67%
P Tourists who visit New England to view the autumn foliage Leaf {Peeper}s
67%
S President Calvin Coolidge's nickname {Silent} Cal
67%
D Vermont governor who ran for U.S. President in 2004, until his campaign was ruined when he gave an enthusiastic yell Howard Dean
50%
K Most visited ski resort in Vermont Killington
50%
M Tallest mountain, located in Stowe Mount Mansfield
50%
N Word that follows Smugglers' or Plymouth Notch
50%
R Largest city in southern Vermont Rutland
50%
L Democratic senator from 1975–2023 Patrick Leahy
33%
Q River gorge in the town of Hartford {Quechee} Gorge
33%
W River that flows through Montpelier Winooski River
33%
H Library located on the border of Vermont and Canada {Haskell} Free Library
17%
V Memorial located in Sharon, VT Vermont {Vietnam}
17%
No matching quizzes found
Score Distribution
Percent of People with Each Score
Percentile by Number Answered
Your Score History
You have not taken this quiz since the last reset